000 00291nam a22001337a 4500
008 170804b xxu||||| |||| 00| 0 eng d
020 _a1881228924
041 _aeng
080 _a004
100 _a33
101 _aSHK
245 _aSTATA BASE REFERENCE MANUAL
_cYONKERS
942 _2udc
_cBK
999 _c22694
_d22694